000 00693nam a2200241Ia 4500
003 OSt
005 20220926013827.0
006 a|||||r|||| 00| 0
007 ta
008 220923b |||||||| |||| 00| 0 eng d
037 _cGeneral Book
040 _aRTL
_cRTL
_beng
041 _2eng
_aeng
082 _aU:(G:55), L6
100 _aInhaber Herbert
_9319111
245 0 _aEnvironmental indices
260 _aNew York
_bJohn Wiley U S A
_c1976
300 _axiv,178p. Bib p. 164-66
_ccm.
490 _aEnvironmental science and technology
650 _aGeography- Environment
_9229896
942 _hU:(G:55), L6
_cGB
_2CC
999 _c626967
_d626967